000 01177nam0a2200325 4500
001 RU\NLR\BIBL_A\011621556
005 20240921195933.0
010 _a9785990561458
_91000
021 _aRU
_b2017-101282
_97304
035 _a(RuMoRGB)009502085
035 _a(NLR Aleph) 011621556
090 _a10985778
_c10985778
100 _a20180205d2016 u y0rusy50 ca
101 0 _arus
102 _aRU
105 _aac||zzzz000zy
200 1 _aПобег из бездны
_e(из личного опыта бывшего пьяницы)
_fНикита Вятчанин
210 _aМосква
_cМОД СКТ
_d2016
215 _a127 с.
_cил., портр.
_d21
225 1 _aБиблиотечка семейных клубов трезвости
606 1 _aАлкоголизм
_xБорьба с ним
_xРелигиозный аспект
_92086417
_3RU\NLR\AUTH\661262553
686 _aР645.021.11я9
_2rubbk
686 2 _aЭ372.24-433.222
686 1 _aР120.482.1
700 1 _aВятчанин
_bН. С.
_gНикита С
942 _cBOOK
980 _aNBR